| 000 | 00994cam a2200337 i 4500 | ||
|---|---|---|---|
| 001 | 200454348 | ||
| 999 |
_c200454348 _d72560 |
||
| 003 | TR-AnTOB | ||
| 005 | 20240815153750.0 | ||
| 007 | ta | ||
| 008 | 150916s2013 tu a 09301 $$$$ 09tu 3tur u | ||
| 020 | _a9789753429351 | ||
| 040 |
_beng _erda _cTR-AnTOB _aTR-AnTOB |
||
| 041 | 0 | _atur | |
| 044 | _ctu | ||
| 050 | 0 | 0 | _aNC1670.D4 |
| 090 | 0 | 0 |
_aNC1670.D4 _bD46 2014 |
| 100 | 1 |
_aDemirel, Selçuk, _9138549 _d1954- _eauthor |
|
| 245 | 1 | 0 |
_aMetis / _cSelçuk Demirel. |
| 250 | _aİkinci basım | ||
| 264 | 1 |
_aİstanbul : _bMetis Yayınları, _c2013. |
|
| 300 |
_aunnumbered pages : _billustrations ; _c13 cm |
||
| 336 |
_ametin _btxt _2rdacontent |
||
| 337 |
_aunmediated _bn _2rdamedia |
||
| 338 |
_avolume _bnc _2rdacarrier |
||
| 650 | 0 | _aTürk nükte ve mizahı, Resimli. | |
| 650 | 0 | _aTurkish wit and humor, Pictorial. | |
| 650 | 0 | _aKarikatürler ve çizgi romanlar | |
| 650 | 7 |
_aKarikatürler _2etuturkob _919648 |
|
| 942 |
_2lcc _cBK |
||